• 首页
  • 本馆介绍
  • 公告通知
  • 最新文献
  • 馆藏检索
  • 电子资源
  • 读者荐购
  • 参考咨询
  • CALIS
  • 我的图书馆
  • 登录
  • 详细信息显示
  • 放入我的书架
  • 预约/预借图书
  • 作者相关作品
  • 分类相关作品
  • 丛书相关作品
  • 出版社相关作品

书目信息

  • 表格格式
  • 工作单格式
  • 卡片格式
题名:
大数据技术与应用
    
 
作者: 周显春 , 肖衡 主编
分册:  
出版信息: 北京   清华大学出版社  2025.05
页数: 287页
开本: 26cm
丛书名: 大数据与人工智能技术丛书
单 册:
中图分类: TP274
科图分类:
主题词: 数据处理--shu ju chu li--高等学校--教材
电子资源:
ISBN: 978-7-302-68743-6
 
 
 
 
 
000 01497nam 2200325 450
001 91585
005 20250817094139.76
010    @a978-7-302-68743-6@dCNY59.80
100    @a20250609d2025 em y0chiy50 ea
101 0  @achi
102    @aCN@b110000
105    @aa a 000yy
106    @ar
200 1  @a大数据技术与应用@Ada shu ju ji shu yu ying yong@eHadoop和PySpark实现@f周显春, 肖衡主编
210    @a北京@c清华大学出版社@d2025.05
215    @a287页@c图@d26cm
225 2  @a大数据与人工智能技术丛书@Ada shu ju yu ren gong zhi neng ji shu cong shu
300    @a水木书荟
314    @a周显春, 三亚学院副教授, 大数据高级分析师, CCF会员, 现任全国高等学校计算机基础教育研究会 (全国一级学会) 数据科学专委会副秘书长、三亚学院智能工程系副主任。肖衡, 三亚学院讲师, 先后讲授了操作系统、数据采集与预处理、大数据技术原理与应用、数据科学与应用等课程, 并取得了良好的教学效果。
320    @a有书目
330    @a本书以Python为基础, 讲解HDFS分布式文件系统和PySpark3编程。全书共9章, 内容包括Docker环境下Hadoop与Spark的配置、HDFS操作技巧、RDD编程方法、Spark SQL应用、Spark架构及运行机制、Pandas on Spark使用及Spark ML编程实践。
410  0 @12001 @a大数据与人工智能技术丛书
517 1  @aHadoop和PySpark实现@AHadoop he PySpark shi xian
606 0  @a数据处理@Ashu ju chu li@x高等学校@j教材
610 0  @aHadoop@aPySpark
690    @aTP274@v5
701  0 @a周显春@Azhou xian chun@4主编
701  0 @a肖衡@Axiao heng@4主编
801  0 @aCN@c20250909
905    @a河南城建学院图书馆@dTP274@eZ800@f1
    
    大数据技术与应用:Hadoop和PySpark实现/周显春, 肖衡主编.-北京:清华大学出版社,2025.05
    287页:图;26cm.-(大数据与人工智能技术丛书)
    水木书荟
    
    ISBN 978-7-302-68743-6:CNY59.80
    本书以Python为基础, 讲解HDFS分布式文件系统和PySpark3编程。全书共9章, 内容包括Docker环境下Hadoop与Spark的配置、HDFS操作技巧、RDD编程方法、Spark SQL应用、Spark架构及运行机制、Pandas on Spark使用及Spark ML编程实践。
●
相关链接 在E读中查询图书 在当当中查询图书 在豆瓣中查询图书


正题名:大数据技术与应用     索取号:TP274/Z800         预约/预借

序号 登录号 条形码 馆藏地/架位号 状态 备注
1 1625549   216255497   自科库301/301自科库 43排2列3层/ [索取号:TP274/Z800] 在馆    
河南城建学院图书馆 欢迎您!
大连网信软件有限公司© 版权所有